000 00624nam a2200229Ia 4500
005 20240122101651.0
008 131103s9999 xx 000 0 und d
020 _a706904176
040 _aLoreto College
041 _aEnglish
082 _a370
_bSUN
100 _aMehta,Mohan Sinha
245 _aEducation or Catastrophe?
_cMohan Sinha Mehta
250 _aEdited by P.S.Sunclaram and A.B.Shah
260 _aNew Delhi
_bVikas Publiahing House Pvt. Ltd.
_c1976
300 _a199 p.
_b plates
504 _aIncludes index
650 _aEducation
700 _aSundaram,P.S.,ed.
850 _aLCLIB
942 _cBK
999 _c10300
_d60779